Macroéconomie développements récents

Salvato in:
Dettagli Bibliografici
Altri autori: Malgrange, Pierre, Salvas-Bronsard, Lise
Natura: Libro
Lingua:francese
Pubblicazione: Québec Presses de l'Université du Québec 1993
Soggetti:
Tags: Aggiungi Tag
Nessun Tag, puoi essere il primo ad aggiungerne!!

MARC

LEADER 00000nam$a2200000$$$4500
001 0112847
005 20240104132535.9
020 |a 2-7605-0660-6 
020 |a 2-7178-2462-6 
041 0 |a fre 
044 |a FR 
245 1 0 |a Macroéconomie  |b développements récents 
264 1 |a Québec  |b Presses de l'Université du Québec  |c 1993 
300 |a 388 s. 
610 2 0 |a makroekonomika 
610 2 0 |a ekonometria 
610 2 0 |a rozvoj hospodársky 
610 2 0 |a nezamestnanosť 
610 2 0 |a konkurencia 
610 2 0 |a ekonómia politická 
700 1 |a Malgrange, Pierre 
700 1 |a Salvas-Bronsard, Lise